00450cam a2200169 a 450000500170000000800410001701000140005802000260007203500130009803700130011104000080012410000180013224500330015026000440018330000300022750000230025720090924191526.0060803s2007 njua b 001 0 eng  aENG-95643 a9788120339224c195.00 aEN-79176 aDBAD/PUB aDPL aGhosh, Pranab aSQL Popcorncby Pranab Gohoh aNew Delhi :bPHI Learning P. Ltd.c2009 axi, 215p. :c24 cm. (Pbk) aIncludes indexes.